Los beatos. (Record no. 1506)

MARC details
000 -CABECERA
campo de control de longitud fija 01031nam a2200241 a 4500
001 - NÚMERO DE CONTROL
campo de control BRCA_1716
005 - FECHA Y HORA DE LA ÚLTIMA TRANSACCIÓN
campo de control 20190320203524.0
008 - DATOS DE LONGITUD FIJA--INFORMACIÓN GENERAL
campo de control de longitud fija 881114s1985 be-a---##b---#000-0#spa-#
020 ## - NÚMERO INTERNACIONAL ESTÁNDAR DEL LIBRO
Número Internacional Estándar del Libro 8439846061
040 ## - FUENTE DE LA CATALOGACIÓN
Centro catalogador/agencia de origen DLC
Centro/agencia transcriptor DLC
Centro/agencia modificador DLC
050 #4 - SIGNATURA TOPOGRÁFICA DE LA BIBLIOTECA DEL CONGRESO
Número de clasificación ND3361
Número de documento/Ítem .B43 1985
245 10 - MENCIÓN DE TÍTULO
Título Los beatos.
260 ## - PUBLICACIÓN, DISTRIBUCIÓN, ETC.
Lugar de publicación, distribución, etc. [Brussels]
Nombre del editor, distribuidor, etc. La Bibliothèque
Fecha de publicación, distribución, etc. [1985]
300 ## - DESCRIPCIÓN FÍSICA
Extensión xii, 150 p.
Otras características físicas il. (algunas a color)
Dimensiones 29 cm.
500 ## - NOTA GENERAL
Nota general Catálogo de la exposición realizada en la Biblioteca Real Albert 1er (Bruselas, Bélgica), 26 septiembre - 30 noviembre, 1985 [En el marco del festival Europalia 85 España]
504 ## - NOTA DE BIBLIOGRAFÍA, ETC.
Nota de bibliografía, etc. Bibliografía: p. 101
600 14 - PUNTO DE ACCESO ADICIONAL DE MATERIA--NOMBRE DE PERSONA
Nombre de persona Beatos
Títulos y otros términos asociados al nombre Santo Presbíter de Liebana
Fechas asociadas al nombre d. 798.
Título de la obra En apocalipsis
Subdivisión general Ilustraciones
9 (RLIN) 5366
600 14 - PUNTO DE ACCESO ADICIONAL DE MATERIA--NOMBRE DE PERSONA
Nombre de persona Beatos
Títulos y otros términos asociados al nombre Santo Presbíter de Liebana
Fechas asociadas al nombre d. 798.
Subdivisión general Manuscritos
9 (RLIN) 5367
610 24 - PUNTO DE ACCESO ADICIONAL DE MATERIA--NOMBRE DE ENTIDAD CORPORATIVA
Nombre de entidad corporativa o nombre de jurisdicción como elemento de entrada Bibliothèque Royale Albert Ier
Subdivisión general Exposiciones
9 (RLIN) 5368
630 04 - PUNTO DE ACCESO ADICIONAL DE MATERIA--TÍTULO UNIFORME
Título uniforme Biblia
Nombre de parte o sección de la obra N.T.
Subdivisión general Ilustraciones
9 (RLIN) 5369
650 14 - PUNTO DE ACCESO ADICIONAL DE MATERIA--TÉRMINO DE MATERIA
Término de materia o nombre geográfico como elemento de entrada Iluminación de libros y manuscritos medievales
Subdivisión general Exposiciones
Subdivisión geográfica Bélgica
9 (RLIN) 5370
942 ## - ELEMENTOS DE PUNTO DE ACCESO ADICIONAL (KOHA)
Fuente del sistema de clasificación o colocación Library of Congress Classification
Tipo de ítem Koha Libros
Holdings
Estado de retiro Estado de pérdida Estado dañado No para préstamo Localización permanente Ubicación/localización actual Fecha de adquisición Total de préstamos Signatura topográfica completa Código de barras Fecha visto por última vez Precio válido a partir de Tipo de ítem Koha
El ejemplar forma parte de la colección y puede ser consultado según las políticas vigentes.       Biblioteca del Museo Franz Mayer (Rogerio Casas-Alatriste) Biblioteca del Museo Franz Mayer (Rogerio Casas-Alatriste) 27/06/2008   ND3361 .B43 1985 02353 22/03/2019 22/03/2019 Libros